| 000 | 00982cam a2200313 i 4500 | ||
|---|---|---|---|
| 999 |
_c46716 _d46716 |
||
| 001 | 20365 | ||
| 003 | CO-MdFUSB | ||
| 005 | 20170731153612.0 | ||
| 008 | 161201t1994 xxu||||g |||| 00| 0 eng d | ||
| 020 | _aVol. 1: 978-0-8010-1053-8 ; Vol. 2: 978-0-8010-1052-1 | ||
| 040 |
_aCO-MdFUSB _bspa _cCO-MdFUSB _dCO-MdFUSB _erda |
||
| 041 | _aeng | ||
| 082 |
_224 _a225.7 _bB167l |
||
| 100 | 1 |
_aBock, Darrell L. _eautor |
|
| 245 | 0 | 0 |
_aLuke _c/ Darrell L. Bock _b: |
| 264 | 1 |
_aGrand Rapids, Michigan: _bBaker Academic, _c℗1994 |
|
| 264 | 4 | _c©1994 | |
| 300 |
_a2 volúmenes _b: _c; |
||
| 336 |
_2rdacontent _a1 _ba1 |
||
| 337 |
_2rdamedia _a2 _b5 |
||
| 338 |
_2rdacarrier _a2 _b5 |
||
| 490 | _aBaker Exegetical Commentary on the New Testament | ||
| 501 | _aPasta dura | ||
| 504 | _aIncluye índices | ||
| 505 | 0 | 0 | _aVolumen 1: Comentario sobre Juan 1:1-9:50 \ Volumen 2: Comentario sobre Juan 9:51-24:53 |
| 653 | _aBible. N.T.--Luke | ||
| 942 | _cREF | ||